Loading...
| Science - Physics | 0 | 8 | 2 | 1 | 70 | 28 | 43.50 | 3 | 8 | 0.00 | 0.00 |
| Science - Other | 0 | 5 | 2 | 0 | 40 | 18 | 44.60 | 2 | 4 | 0.00 | 0.00 |
| Science - Biology | 0 | 5 | 2 | 0 | 40 | 40 | 80.60 | 0 | 2 | 0.00 | 0.00 |
| History - Other | 0 | 3 | 0 | 3 | 30 | 93 | 98.67 | 0 | 2 | 0.00 | 0.00 |
| Literature - British | 0 | 3 | 0 | 0 | 30 | 60 | 91.00 | 0 | 2 | 0.00 | 0.00 |
| Literature - World | 0 | 3 | 0 | 1 | 30 | 69 | 88.00 | 0 | 1 | 0.00 | 0.00 |
| Literature - European | 0 | 3 | 1 | 0 | 25 | 61 | 87.67 | 0 | 2 | 0.00 | 0.00 |
| Mythology | 0 | 3 | 1 | 1 | 25 | 68 | 94.00 | 0 | 1 | 0.00 | 0.00 |
| Science - Chemistry | 0 | 2 | 1 | 0 | 15 | 35 | 42.50 | 0 | 2 | 0.00 | 0.00 |
| History - European | 0 | 1 | 0 | 0 | 10 | 107 | 107.00 | 0 | 0 | 0.00 | 0.00 |
| Philosophy | 0 | 1 | 0 | 0 | 10 | 119 | 119.00 | 0 | 0 | 0.00 | 0.00 |
| Pop Culture | 0 | 1 | 0 | 0 | 10 | 56 | 56.00 | 0 | 1 | 0.00 | 0.00 |
| Social Science | 0 | 1 | 0 | 0 | 10 | 102 | 102.00 | 0 | 1 | 0.00 | 0.00 |
| History - American | 0 | 1 | 0 | 1 | 10 | 102 | 102.00 | 0 | 0 | 0.00 | 0.00 |
| Religion | 0 | 1 | 1 | 0 | 5 | 124 | 124.00 | 0 | 0 | 0.00 | 0.00 |
| Geography | 0 | 1 | 1 | 0 | 5 | 107 | 107.00 | 0 | 0 | 0.00 | 0.00 |
| Painting/Sculpture | 0 | 0 | 0 | 0 | 0 | 0.00 | 0 | 0 | 0.00 | 0.00 | |
| Fine Arts - Other | 0 | 0 | 0 | 0 | 0 | 0.00 | 0 | 0 | 0.00 | 0.00 |